Another sort of mathematics : (Registro nro. 22074)

Detalles MARC
000 -Cabecera
Campo de control interno 00872nam a2200265Ia 4500
005 - Fecha y hora del registro
control field 20260320113340.0
008 - Elementos de Longitud Fija
fixed length control field 260320s9999||||xx |||||||||||||| ||und||
020 ## - ISBN
ISBN 9781641774444
041 ## - Idioma
Codigo Idioma Inglés
082 ## - DEWEY y NOTACIÓN INTERNA
Dewey 510
Notación Interna T819
100 ## - AUTOR
Autor denominación Tawney, J. Jacob,
Término de relación autor
245 #0 - TÍTULO DE MATERIAL BIBLIOGRÁFICO
Título Another sort of mathematics :
Título paralelo selected proofs necessary to acquire a true education in mathematics
246 ## - TÍTULO TRADUCIDO
Título
Título paralelo
Autor
250 ## - EDICIÓN
Edición First edition
260 ## - CIUDAD, EDITORIAL, AÑO
Ciudad New York :
Nombre de la Editorial Encounter Books,
Año 2025
300 ## - DESCRIPCIÓN
N° Páginas 327 páginas :
Otros detalles
Dimensiones 24 cm.
Material Adicional
440 ## - MENCIÓN DE SERIE
Título de la Serie
Número de Serie
Volumen de Serie
650 ## - TEMAS
Temas
653 ## - DESCRIPTORES
Lenguajes no controlado Matemáticas - Estudio y enseñanza; Teoría de la demostración
654 ## - PROGRAMAS
Programa Dpto. de Humanidades
700 ## - OTROS AUTORES
Otros autores
Títulos y otras palabras asociadas con el nombre
856 ## - URL - UBICACIÓN
URI/URL: Enlace exacto del recurso <a href="https://0u20fpnew-y-https-research-ebsco-com.itmsp.museknowledge.com/c/qxo6us/search">https://0u20fpnew-y-https-research-ebsco-com.itmsp.museknowledge.com/c/qxo6us/search</a>
Nota pública: Versión digital <a href="Véase además: Base de datos EBSCOhost">Véase además: Base de datos EBSCOhost</a>
942 ## - ELEMENTOS DE KOHA
Tipo de documento Libro
Nombre del creador Justo Noguera
Código de catalogador Margarita Torres
Esquema de clasificación Dewey Decimal Classification
Suppress in OPAC
Existencias
Codigo completo Registro Colección Copia número Disponibilidad Tipo de préstamo Biblioteca Actual Procedencia (Biblioteca) Ubicacón Fecha Ingreso Tipo de Adquisición Observación Date last seen Total checkouts Date due Date last checked out Price effective from Tipo de Item Estado del Material Fuente de Clasificación Damaged status Withdrawn status
510 T819 1087489 Universidad Católica San Pablo 1 Disponible Disponible Víctor Andrés Belaunde Víctor Andrés Belaunde Segundo piso 10/03/2026 Compra Educación 25/03/2026 1 24/04/2026 25/03/2026 20/03/2026 Libro Bueno Dewey Decimal Classification